| 000 | 01016nam a22002177a 4500 | ||
|---|---|---|---|
| 005 | 20110823140242.0 | ||
| 010 | _aG-001013 | ||
| 020 |
_a819015656X _c75.00 |
||
| 035 | _aG-001013 | ||
| 037 | _bBPPD | ||
| 082 | _a507 | ||
| 100 |
_aपाराशर, रीमा _935189 |
||
| 245 |
_aमौसम के प्रयोग / _cरीमा पाराशर |
||
| 260 |
_aदिल्ली _bसजल पब्लिशर्स एम्ड डिस्ट्रीब्यूटर्स _c2005 |
||
| 270 |
_bइलाहाबाद _a500/3- एल, गली नं.2, विश्वास नगर, शाहदरा _e110032 |
||
| 300 |
_a46 पृ _c24सेमी(सजिल्द) _bसचित्र |
||
| 650 |
_aHistory-Mughal Period _935190 |
||
| 942 |
_cHN _2ddc _h507 _mपाराश |
||
| 999 |
_c55806 _d55806 |
||